000 00526nam a2200181Ia 4500
008 230917s9999||||xx |||||||||||||| ||und||
020 _cGBP32.99
040 _e232491
_aMAIN
041 _aEnglish
082 _a338.4791 M87T(4)
100 _aMowforth, Martin
245 0 _aTourism and sustainability: Development, globalisation and tourism in the third world
250 _a4th ed.
260 _aLondon
_bRoutledge
_c2016
300 _a455 p.
500 _a2298 10/03/2016 HBD16/1805 14/03/2016 Main Budget
942 _cBK
999 _c18372
_d18372